MARC details
| 000 -LEADER |
| fixed length control field |
01212cam a2200349 a 4500 |
| 001 - CONTROL NUMBER |
| control field |
16115758 |
| 005 - DATE AND TIME OF LATEST TRANSACTION |
| control field |
20230606105031.0 |
| 008 - FIXED-LENGTH DATA ELEMENTS--GENERAL INFORMATION |
| fixed length control field |
100303s2010 ke a b 000 0 eng |
| 010 ## - LIBRARY OF CONGRESS CONTROL NUMBER |
| LC control number |
2010305121 |
| 016 7# - NATIONAL BIBLIOGRAPHIC AGENCY CONTROL NUMBER |
| Record control number |
015663283 |
| Source |
Uk |
| 020 ## - INTERNATIONAL STANDARD BOOK NUMBER |
| Canceled/invalid ISBN |
9789966739122 |
| 035 ## - SYSTEM CONTROL NUMBER |
| System control number |
(OCoLC)ocn659876681 |
| 040 ## - CATALOGING SOURCE |
| Original cataloging agency |
CUY |
| Transcribing agency |
CUY |
| Modifying agency |
OSU |
| -- |
DLC |
| -- |
UKMGB |
| -- |
ZCU |
| -- |
STF |
| -- |
DLC |
| 042 ## - AUTHENTICATION CODE |
| Authentication code |
pcc |
| 043 ## - GEOGRAPHIC AREA CODE |
| Geographic area code |
f-ke--- |
| 050 00 - LIBRARY OF CONGRESS CALL NUMBER |
| Classification number |
JQ2947.A56 |
| Item number |
D48 2010 |
| 082 ## - DEWEY DECIMAL CLASSIFICATION NUMBER |
| Classification number |
338.9009172 |
| 245 00 - TITLE STATEMENT |
| Title |
Devolution in Kenya : |
| Remainder of title |
prospects, challenges and the future / |
| Statement of responsibility, etc. |
[edited by Albert K. Mwenda]. |
| 260 ## - PUBLICATION, DISTRIBUTION, ETC. (IMPRINT) |
| Place of publication, distribution, etc. |
Nairobi, Kenya : |
| Name of publisher, distributor, etc. |
Institute of Economic Affairs, |
| Date of publication, distribution, etc. |
2010. |
| 300 ## - PHYSICAL DESCRIPTION |
| Extent |
115 p. : |
| Other physical details |
ill. ; |
| Dimensions |
25 cm. |
| 490 1# - SERIES STATEMENT |
| Series statement |
IEA research paper series ; |
| Volume/sequential designation |
no. 24 |
| 504 ## - BIBLIOGRAPHY, ETC. NOTE |
| Bibliography, etc |
Includes bibliographical references. |
| 650 #0 - SUBJECT ADDED ENTRY--TOPICAL TERM |
| Topical term or geographic name as entry element |
Decentralization in government |
| Geographic subdivision |
Kenya. |
| 650 #0 - SUBJECT ADDED ENTRY--TOPICAL TERM |
| Topical term or geographic name as entry element |
Local government |
| Geographic subdivision |
Kenya. |
| 700 1# - ADDED ENTRY--PERSONAL NAME |
| Personal name |
Mwenda, Albert K. |
| 710 2# - ADDED ENTRY--CORPORATE NAME |
| Corporate name or jurisdiction name as entry element |
Institute of Economic Affairs (Kenya) |
| 830 #0 - SERIES ADDED ENTRY--UNIFORM TITLE |
| Uniform title |
IEA research paper series ; |
| Volume number/sequential designation |
no. 24. |
| 906 ## - LOCAL DATA ELEMENT F, LDF (RLIN) |
| a |
7 |
| b |
cbc |
| c |
pccadap |
| d |
3 |
| e |
ncip |
| f |
20 |
| g |
y-gencatlg |
| 942 ## - ADDED ENTRY ELEMENTS (KOHA) |
| Source of classification or shelving scheme |
Dewey Decimal Classification |
| Koha item type |
Books |